| 000 | 01211nam a2200337 i 4500 | ||
|---|---|---|---|
| 001 | 115035 | ||
| 003 | ES-MaACL | ||
| 005 | 20240418143803.0 | ||
| 007 | t| | ||
| 008 | 070219s1959 sp ||||1| spa d | ||
| 080 | _a821.111(73)-3"19"(082.2) | ||
| 080 | _a616.89-008.485 | ||
| 245 | 0 | 0 |
_aBiblioteca de Selecciones. _n2. |
| 260 |
_aMadrid, etc. : _bSelecciones del Reader's Digest, _c1959. |
||
| 300 |
_a510 p. ; _c20 cm. |
||
| 490 | 1 |
_aBiblioteca de Selecciones ; _v2 |
|
| 505 | 8 | _aContiene: Con la cruz ajena / por Daphne du Maurier . Las tres caras de Eva / por los siquiatras Corbett H. Thigpen y Hervey M. Cleckley . El último rebelde / por Gerald Green | |
| 650 | 7 |
_aNovela norteamericana _2 _9146954 |
|
| 650 | 4 |
_aPersonalidad múltiple. _915974 |
|
| 700 | 1 |
_aDu Maurier, Daphne. _945711 |
|
| 700 | 1 |
_aThigpen, Corbett H. _9109964 |
|
| 700 | 1 |
_aCleckley, Hervey M. _939160 |
|
| 700 | 1 |
_aGreen, Gerald. _959836 |
|
| 710 | 2 |
_aSelecciones del Reader's Digest. _96545 |
|
| 740 | 0 | 2 | _aCon la cruz ajena. |
| 740 | 4 | 2 | _aLas tres caras de Eva. |
| 740 | 3 | 2 | _aEl último rebelde. |
| 830 | 1 |
_aBiblioteca de Selecciones ; _v2 _9185950 |
|
| 852 | 4 |
_aES-MaACL _jE-4212 |
|
| 999 |
_c115035 _d115035 |
||